The meaning of activities in the dwelling and residential environment (Record no. 111777)
[ view plain ]
| 000 -LEADER | |
|---|---|
| fixed length control field | 01815nam a22004214a 4500 |
| 100 1# - MAIN ENTRY--AUTHOR NAME | |
| Personal name | Meesters, Janine, |
| 245 14 - TITLE STATEMENT | |
| Title | The meaning of activities in the dwelling and residential environment |
| 260 ## - PUBLICATION, DISTRIBUTION, ETC. (IMPRINT) | |
| Place of publication | Amsterdam : |
| Name of publisher | IOS Press ; |
| Place of publication | Delft : |
| Name of publisher | Delft University Press, |
| Year of publication | c2009. |
| 300 ## - PHYSICAL DESCRIPTION | |
| Number of Pages | 269 p. : |
| Other physical details | ill. (some col.), col. map. |
| 490 1# - SERIES STATEMENT | |
| Series statement | Sustainable urban areas, |
| 500 ## - GENERAL NOTE | |
| General note | Originally presented as the author's thesis (doctoral)--Delft University of Technology, Delft, 2009. |
| 650 #0 - SUBJECT ADDED ENTRY--TOPICAL TERM | |
| Topical Term | Housing. |
| Topical Term | Housing |
| Topical Term | Housing |
| Topical Term | Human beings |
| Topical Term | Urban ecology (Sociology) |
| Topical Term | City and town life. |
| Topical Term | Lifestyles. |
| 856 40 - ELECTRONIC LOCATION AND ACCESS | |
| Uniform Resource Identifier | http://site.ebrary.com/lib/rucke/Doc?id=10363632 |
No items available.
